000 00835nam a22002177a 4500
999 _c14142
_d14142
003 AR-CdUCM
008 190422b ||||| |||| 00| 0 spa d
040 _aMUNICIPALIDAD PROVINCIAL DEL CUSCO
_cBIBLIOTECA MUNICIPAL DEL CUSCO
082 _a070 /
_bAL42
110 _aAlianza para el progreso
_932810
245 _aManual de prensa obrera y relaciones públicas /
260 _aLima :
_bOficina de asuntos laborales,
_c1995.
300 _a29 páginas ;
_c22 cm.
440 _aCarta obrera
_n9
_932811
505 _aContenido : La importancia de la prensa obrera -- La organización de la prensa obrera -- Como publicar un periódico -- Las relaciones públicas y el movimiento obrero ...
650 _aPeriodismo
_91929
650 _aPrensa
_919488
650 _aObrero
_930308
942 _2ddc
_cFOLLETOS
945 _arah
_d22/04/2019